Clinical practice guidelines / (Record no. 4284)
[ view plain ]
| 000 -LEADER | |
|---|---|
| fixed length control field | 01145nmm a2200337 a 4500 |
| 001 - CONTROL NUMBER | |
| control field | 5001903 |
| 003 - CONTROL NUMBER IDENTIFIER | |
| control field | Ke-BoTe |
| 005 - DATE AND TIME OF LATEST TRANSACTION | |
| control field | 20220624101012.0 |
| 008 - FIXED-LENGTH DATA ELEMENTS--GENERAL INFORMATION | |
| fixed length control field | 960823s1995 mdu d f eng d |
| 010 ## - LIBRARY OF CONGRESS CONTROL NUMBER | |
| LC control number | 96801810 |
| 035 ## - SYSTEM CONTROL NUMBER | |
| System control number | (CSt)notisAPX5961 |
| 035 ## - SYSTEM CONTROL NUMBER | |
| System control number | (CStRLIN)NJPG95-D25 |
| 040 ## - CATALOGING SOURCE | |
| Original cataloging agency | NjP |
| Transcribing agency | NjP |
| Modifying agency | CSt |
| -- | DLC |
| 041 0# - LANGUAGE CODE | |
| Language code of accompanying material other than librettos and transcripts | eng |
| 042 ## - AUTHENTICATION CODE | |
| Authentication code | lccopycat |
| 043 ## - GEOGRAPHIC AREA CODE | |
| Geographic area code | n-us--- |
| 050 00 - LIBRARY OF CONGRESS CALL NUMBER | |
| Classification number | RA399.A3 |
| Item number | .C5 1994 |
| 051 ## - LIBRARY OF CONGRESS COPY, ISSUE, OFFPRINT STATEMENT | |
| Classification number | RA399.A3 |
| 082 10 - DEWEY DECIMAL CLASSIFICATION NUMBER | |
| Edition number | 616.7 |
| 245 00 - TITLE STATEMENT | |
| Title | Clinical practice guidelines / |
| Statement of responsibility, etc. | Ministry of health. |
| Remainder of title | For diagnosis and treatment of common conditions in Kenya. |
| 260 ## - PUBLICATION, DISTRIBUTION, ETC. | |
| Place of publication, distribution, etc. | Nairobi, Kenya: |
| Name of publisher, distributor, etc. | Ministry of health, |
| Date of publication, distribution, etc. | c1994. |
| 300 ## - PHYSICAL DESCRIPTION | |
| Extent | xiv, 274p.: |
| Dimensions | 22cm. |
| Other physical details | ill. ; |
| 500 ## - GENERAL NOTE | |
| General note | Shipping list no.: 95-0020-E. |
| 505 0# - FORMATTED CONTENTS NOTE | |
| Formatted contents note | Includes index. |
| 650 #0 - SUBJECT ADDED ENTRY--TOPICAL TERM | |
| Topical term or geographic name entry element | Medical care |
| General subdivision | Needs assessment |
| Geographic subdivision | United States. |
| 9 (RLIN) | 8806 |
| 650 #0 - SUBJECT ADDED ENTRY--TOPICAL TERM | |
| Topical term or geographic name entry element | Medical care |
| General subdivision | Standards |
| Geographic subdivision | United States. |
| 9 (RLIN) | 8807 |
| 710 1# - ADDED ENTRY--CORPORATE NAME | |
| Corporate name or jurisdiction name as entry element | United States. |
| Subordinate unit | Agency for Health Care Policy and Research. |
| 9 (RLIN) | 6551 |
| 906 ## - LOCAL DATA ELEMENT F, LDF (RLIN) | |
| a | 7 |
| b | cbc |
| c | copycat |
| d | u |
| e | ncip |
| f | 19 |
| g | y-gencompf |
| 942 ## - ADDED ENTRY ELEMENTS (KOHA) | |
| Source of classification or shelving scheme | Library of Congress Classification |
| Koha item type | Books |
| Suppress in OPAC | No |
No items available.
